00629nam a22001815i 4500001000700000003000900007007000300016008004100019040002000060100002800080245005400108250001200162260008800174300002200262852002100284999001900305952012300324102845ES-MaACLt|950926s1878 fr ||||1| fre d aCAM bspa cCAM1 aEspinas, Alfred.94784914aDes sociétés animales / cpar Alfred Espinas. a2ª ed. aParis : bLibrairie Germer Baillière et Cie., c1878 (eDijon :fImp. Darantiere) a588 p. ; c21 cm. aES-MaACLjB-6372 c102845d102845 001040708LIBXIXaATENEOMbATENEOMcSPBd2008-01-17eSCl0oB-6372p1107369r2023-02-23 00:00:00w2023-02-23yMONANT